Aktívna účasť cirkví a veriacich na budovaní socialistickej spoločnosti Zhromaždenie delegátov a predstaviteľov cirkví a náboženských spoločností v ČSSR

Bibliographic Details
Format: Article
Language:Slovak
Subjects:

MARC

LEADER 00000nab a2200000 a 4500
001 vtls000212051
003 SK-MaSNL
005 20260311224920.0
008 160202c1985 xo 0 slo
015 |a SNBRB19rr/mm-uuuuu 
035 |a CL0222165 
040 |a SNKBUCL  |b slo  |c SNKBUCL  |e AACR2 
041 0 |a slo 
044 |a xo  |c SK 
080 |a 28  |2 1981 
080 |a 943.7  |2 1981 
080 |a 323.26(091)  |2 1981 
245 0 0 |a Aktívna účasť cirkví a veriacich na budovaní socialistickej spoločnosti  |b Zhromaždenie delegátov a predstaviteľov cirkví a náboženských spoločností v ČSSR 
650 0 7 |a cirkvi  |2 snkbucl  |9 22180 
650 0 7 |a náboženské spoločnosti  |2 snkbucl  |9 78357 
651 7 |a Československo  |2 snkbucl  |9 21376 
651 7 |a 3702  |2 snkbucl  |9 353010 
655 7 |a články z novín a časopisov  |2 snkbucl  |9 267496 
773 0 |t Pravda  |g Roč. 66, č. 97 (25. 4. 1985), s. 1-2 
850 |a Slovenská národná knižnica v Martine  |a MTA001 
852 |a SNK  |b KIS3GCP 
958 |a RK 
958 |a CZ 
992 |a RBX 
999 |c 3263219  |d 3265149